General Knowledge #17 - Statistics

General Stats
  • This quiz has been taken 121 times
  • The average score is 11 of 15
Answer Stats
Question Answer % Correct
Which US city is home to the Mets and the Yankees baseball teams? New York
97%
What colour is the ‘l’ in the Google logo? Green
94%
What language is spoken is a country if it is described as hispanophone? Spanish
92%
What kind of meat would you expect to find in a BLT sandwich? Bacon
90%
Which element has the symbol Fe and the atomic number 26? Iron
89%
Which is the smallest planet in our solar system? Mercury
89%
In Greek mythology, what was the name of the King of the Gods? Zeus
89%
Ronald Reagan & Arnold Schwarzenegger have both served as governor of which US state? California
88%
The Metro (short for Métropolitain) is a rapid transit system in which city? Paris
75%
Which country is geographically closest to Japan? Russia
67%
Which 1981 film was the first to feature the hero Indiana Jones? Raiders of the Lost Ark
65%
Who made the first solo non-stop flight from New York to Paris in 1927? Charles Lindbergh
55%
Which Briton wrote the Chronicles of Narnia novels? C.S Lewis
54%
Who was King of England during The First World War? King George V
49%
Which 1980 AC/DC album is said to have sold at least 30 million copies? Back In Black
40%
No matching quizzes found
Score Distribution
Percent of People with Each Score
Percentile by Number Answered
Your Score History
You have not taken this quiz